<?xml version="1.0" encoding="UTF-8"?>
<collection xmlns="http://www.loc.gov/MARC21/slim">
  <record>
    <leader>00000nam  2200000   4500</leader>
    <controlfield tag="001">INLIS000000000002876</controlfield>
    <controlfield tag="005">20180724150823</controlfield>
    <controlfield tag="008">180724|||||||||   |   |||   |||| ||   | </controlfield>
    <datafield tag="035" ind1=" " ind2=" ">
      <subfield code="0">010-0718002876</subfield>
    </datafield>
    <datafield tag="041" ind1=" " ind2=" ">
      <subfield code="a">id</subfield>
    </datafield>
    <datafield tag="082" ind1=" " ind2=" ">
      <subfield code="a">R. 089</subfield>
    </datafield>
    <datafield tag="090" ind1=" " ind2=" ">
      <subfield code="a">R. 089 PIM I 2017</subfield>
    </datafield>
    <datafield tag="100" ind1=" " ind2=" ">
      <subfield code="a">Depari, Luhur</subfield>
    </datafield>
    <datafield tag="245" ind1=" " ind2=" ">
      <subfield code="a">Kebijakan Pengadaan Gedung Kantor Tanpa APBN Untuk Mendukung Ombusman Yang Berwibawa</subfield>
    </datafield>
    <datafield tag="260" ind1=" " ind2=" ">
      <subfield code="a">Jakarta</subfield>
      <subfield code="b">LAN Jakarta</subfield>
      <subfield code="c">2017</subfield>
    </datafield>
    <datafield tag="300" ind1=" " ind2=" ">
      <subfield code="a">26 hm.; Lamp,; 30 cm</subfield>
    </datafield>
    <datafield tag="500" ind1=" " ind2=" ">
      <subfield code="a">Gedung kantor sangat diperlukan dan mendesak namun pengadaan dana APBN tidak memungkinkan disebabkan kebijakan moratorium pengadaan Gedung.  Disinilah perlunya kreasi dan inovasi, misalnya mengajak kerjasama pihak ketiga dalam pembiayaan pembangunan Gedung kantor.  Masalah ini termasuk dalam domain Sekretariat Jenderal yang berfungsi memberi layanan dukungan administrasi bagi pelaksanaan tugas dan fungsi Ombudsman RI sebagai Lembaga negara pengawas pelayanan publik.  Sejalan dengan visi Ombudsman “Berwibawa, Efektif, dan Adil” tentu dapat dipahami bahwa kemampuan dan kehadiran Ombudsman yang berkinerja tinggi dalampelaksanaan tugas dan fungsinya mutlak didukung oleh adanya Gedung kantor yang representative di seluruh Indonesia.  Sebagai suatu proyek perubahan kami sebagai peserta Diklatpim tingkat I angkatan XXXVII tahun 2017, proyek ini telah diimplementasikan dalam tahap laboratorium kepemimpinan dan akan diteruskan ke dalam tahapan berikutnya dalam jangka waktu menengah serta Panjang.</subfield>
    </datafield>
    <datafield tag="650" ind1=" " ind2=" ">
      <subfield code="a">Pengadaan Gedung</subfield>
    </datafield>
  </record>
</collection>
